Logo quiz 4 - Statistics

Estatísticas Gerais
  • Esse quiz foi jogado 278 vezes
  • A pontuação média é 12 de 15
Estatísticas das Respostas
Imagem Resposta % Correto
Nike
99%
Redbull
97%
Yahoo
97%
Coca-Cola
94%
Doritos
93%
Android
92%
Skype
89%
Snickers
84%
Umbro
78%
Michelin
77%
New Ballance
74%
Safari
71%
Rolex
54%
iTunes
52%
IBM
44%
Nenhum quiz correspondente encontrado
Distribuição das Pontuações
Porcentagem de Pessoas com Cada Pontuação
Percentil de Números Respondidos
Sua Pontuação Histórica
Você não jogou esse quiz